La Isla al Derechoy cada uno en su lado (Record no. 7594)

MARC details
000 -LEADER
campo de control de longitud fija 00337nam a2200133Ia 4500
001 - NÚMERO DE CONTROL
campo de control 2175
008 - DATOS DE LONGITUD FIJA--INFORMACIÓN GENERAL
campo de control de longitud fija 241024s9999 xx 000 0 und d
082 ## - NÚMERO DE LA CLASIFICACIÓN DECIMAL DEWEY
Número de clasificación RD/972.93/L817i
100 ## - ENTRADA PRINCIPAL--NOMBRE DE PERSONA
Nombre de persona Angel Lockward
245 #0 - MENCIÓN DEL TÍTULO
Título La Isla al Derechoy cada uno en su lado
260 ## - PUBLICACIÓN, DISTRIBUCIÓN, ETC.
Nombre del editor, distribuidor, etc. Ed. Centenario
Fecha de publicación, distribución, etc. 1999
901 ## - ELEMENTOS DE DATOS A LOCAL LDA (RLIN)
a 9/3/2012 8:59:27 a.m.

No items available.

© 2024. Todos los Derechos Reservados. Desarrollado por IDEICE